00837nam a2200181Ia 4500003000900000008004100009040001600050080002600066111008900092245022300181260002600404650004000430650002700470700003100497942000700528999001700535952010300552IN-BaIIA211028s9999 xx 000 0 eng d cIIA Library a523.9:523.31-852bINF aCommittee on Space Research Scientific Assemblyn35thcParisd2004 July 18-24929688 0aInfluence of sun's radiation and particles on the earth's atmosphere and climateb35th COSPAR scientific assembly held in France, Paris, 18-24 July 2004cedited by J. Lastovicka  aParisbElsevierc2005 aEarth atmosphere and Ccimate929689 aSun's radiation929690 aLastovicka, J., ed.929691 cBK c16051d16051 00104070aBANbBANcGENd2005-12-30l0o523.9:523.31-852/ INFp16973r2021-11-05w2005-12-30yBK